Normal view
MARC view
Entry Topical Term
001 - CONTROL NUMBER
- control field: 18746
003 - CONTROL NUMBER IDENTIFIER
- control field: OSt
005 - DATE AND TIME OF LATEST TRANSACTION
- control field: 20201020110001.0
008 - FIXED-LENGTH DATA ELEMENTS
- fixed length control field: 201020|| aca||aabn | a|a d
040 ## - CATALOGING SOURCE
- Original cataloging agency: OSt
- Transcribing agency: OSt
150 ## - HEADING--TOPICAL TERM
- Topical term or geographic name entry element: Modelling, models, model-based science, pluralism, idealization, methodology
670 ## - SOURCE DATA FOUND
- Source citation: Work cat.: (OSt): Veit, Walter 18745, Model pluralism
